000 02643cam a22003854i 4500
999 _c63953
_d63953
001 48777441
003 CO-MdFUSB
005 20180622170748.0
008 020103t2002 ilu f b 001 0 eng
010 _a2002017375
020 _a0226901351
_q(pbk.)
020 _a9780226901350
_q(pbk.)
040 _aDLC
_bspa
_cCO-MdFUSB
_dCO-MdFUSB
_erda
041 _aeng
042 _apcc
082 _224
_aG 306.6
_bW746d
092 _a306.6
_bWilson
100 1 _aWilson, David Sloan.
_eautor
245 1 0 _aDarwin's cathedral
_b: evolution, religion, and the nature of society
_c/ David Sloan Wilson.
264 4 _aChicago :
_bUniversity of Chicago Press,
_c℗[2002]
264 1 _c©2002
300 _av, 268 páginas ;
_c24 cm.
_b:
336 _a1
_ba1
_2rdacontent.
337 _a2
_b5
_2rdamedia.
338 _a2
_b5
_2rdacarrier.
501 _aIncluye índice (p. 261- 268)
504 _aBibliografía (p. 245-258)
505 0 0 _gch. 1.
_tThe view from evolutionary biology --
_gch. 2.
_tThe view from the social sciences --
_gch. 3.
_tCalvinism : an argument from design --
_gch. 4.
_tThe secular utility of religion : historical examples --
_gch. 5.
_tThe secular utility of religion : the modern literature --
_gch. 6.
_tForgiveness as a complex adaptation --
_gch. 7.
_tUnifying systems.
505 0 0 _aIntroducción: Iglesia como organismo -- Capítulo 1: La visión de la biología evolutiva -- Capítulo 2: La visión de las ciencias sociales -- Capítulo 3: Calvinismo: Un argumento del diseño -- Capítulo 4: La utilidad secular de la religión: Ejemplos históricos -- Capítulo 5: La utilidad secular de la religión: La literatura moderna -- Capítulo 6: Fragilidad como adaptación compleja -- Capítulo 7: Sistemas unificadores
520 1 _a"From Calvinism in sixteenth-century Geneva to Balinese water temples, from hunter-gatherer societies to urban America, Wilson demonstrates how religions have enabled people to achieve by collective action what they never could do alone. He also includes a chapter considering forgiveness from an evolutionary perspective and concludes by discussing how all social organizations, including science, could benefit by incorporating elements of religion. Religious believers often compare their communities to single organisms and even to insect colonies. Astoundingly, Wilson shows that they might be literally correct. Intended for any reader, Darwin's Cathedral will change forever the way we view the relations among evolution, religion, and human society."--Jacket.
650 7 _aReligión y ciencia
_9259
650 7 _aCreación
_9251
942 _cBK